000 02333nam0a2200409 4500
001 RU\NLR\BIBL_A\011475968
005 20260407132845.0
021 _aRU
_b2017-55181
_93927
029 1 0 _aRU
_b2-1.9-898-2014
_cР Газпром
035 _a(RuMoRGB)008946081
035 _a(NLR Aleph) 011475968
090 _a11873650
_c11873650
100 _a20170922d2017 k y0rusy50 ca
101 0 _arus
102 _aRU
105 _ay l 000|y
200 9 _aКотельные
_iПорядок технического обслуживания и ремонта
_eР Газпром 2-1.9-898-2014
_fразработаны "Оргэнергогаз" (ОАО "Оргэнергогаз")
205 _aИзд. офиц.
210 _aСанкт-Петербург
_cГазпром
_d2017
215 _aIV, 51 с.
_d29
225 1 _aДокументы нормативные для проектирования, строительства и эксплуатации объектов ОАО "Газпром"
225 2 _aРекомендации организации
_fГазпром
239 _aВвед. 22.04.2016
320 _aБиблиогр.: с. 50 (12 назв.)
517 1 _aР Газпром 2-1.9-898-2014
606 _aЭнергетика -- Теплоэнергетика. Теплотехника -- Теплоснабжение -- Отопительные котельные -- Отопительно-производственные котельные -- Эксплуатация, ремонт -- Инструктивные издания
_2rubbk
606 _aКотельные установки
_jНормативные документы
_xТехническое обслуживание
_91609138
_3RU\NLR\AUTH\66708945
606 _aКотельные установки
_jНормативные документы
_xРемонт
_91608983
_3RU\NLR\AUTH\66708857
686 _aЗ384-08я82
_v2000
_2rubbk
686 1 _aЗ370.2-5-08я8
712 0 2 _4725
_a"Газпром", российское акционерное общество
_3RU\NLR\AUTH\889994843
_9486484
712 0 2 _4900
_a"Оргэнергогаз", акционерное общество
_cМосква
_3RU\NLR\AUTH\8810377
_9293357
942 _cBOOK
980 _aNBR